000
00315nam a22001457a 4500
008
210427b ||||| |||| 00| 0 eng d
020
_a
1571133283
041
_a
eng
080
_a
572
082
_a
572
100
_a
24
101
_a
ANT
245
_a
The German Quarterly
_c
Friederike Eigler
942
_2
udc
_c
BK
999
_c
56853
_d
56853